| Tag |
First Indicator |
Second Indicator |
Subfields |
| LEADER |
00000cam a2200000 a 4500 |
| 001 |
in00000016925 |
| 005 |
20151007053331.0 |
| 008 |
861125s1987 mau b 00110 eng |
| 010 |
|
|
|a 86027747
|
| 020 |
|
|
|a 0898381959
|
| 035 |
|
|
|a (OCoLC)15014928
|
| 035 |
|
|
|9 AAB1265AM
|
| 040 |
|
|
|a DLC
|c DLC
|d m/c
|d TXA
|d UtOrBLW
|
| 043 |
|
|
|a cl-----
|
| 049 |
|
|
|a TXAM
|c [A11469028]
|
| 050 |
0 |
0 |
|a HG3823
|b .C36 1987
|
| 082 |
0 |
|
|a 332.4/56/098
|2 19
|
| 100 |
1 |
|
|a Canto, Victor A.
|
| 245 |
1 |
0 |
|a Currency substitution :
|b theory and evidence from Latin America /
|c Victor A. Canto, Gerald Nickelsburg.
|
| 264 |
|
1 |
|a Boston :
|b Kluwer Academic Publishers,
|c [1987]
|
| 264 |
|
4 |
|c ©1987
|
| 300 |
|
|
|a viii, 196 pages ;
|c 24 cm.
|
| 336 |
|
|
|a text
|b txt
|2 rdacontent
|
| 337 |
|
|
|a unmediated
|b n
|2 rdamedia
|
| 338 |
|
|
|a volume
|b nc
|2 rdacarrier
|
| 504 |
|
|
|a Includes bibliographies and index.
|
| 650 |
|
0 |
|a Foreign exchange
|x Mathematical models.
|
| 650 |
|
0 |
|a Equilibrium (Economics)
|x Mathematical models.
|
| 650 |
|
0 |
|a Substitution (Economics)
|x Mathematical models.
|
| 650 |
|
0 |
|a Currency question
|z Latin America
|x Mathematical models.
|
| 650 |
|
0 |
|a Money supply
|z Latin America
|x Mathematical models.
|
| 650 |
|
0 |
|a Monetary policy
|z Latin America
|x Mathematical models.
|
| 650 |
|
0 |
|a Inflation (Finance)
|z Latin America
|x Mathematical models.
|
| 700 |
1 |
|
|a Nickelsburg, Gerald.
|
| 999 |
|
|
|a MARS
|
| 999 |
f |
f |
|s 4ba595dc-5cc9-3ef2-b1b9-34653a609450
|i b9ff9e07-41f0-32a8-8961-3cf1aa668a92
|t 0
|
| 952 |
f |
f |
|p ric
|a Texas A&M University
|b Rellis Campus
|c Joint Library Facility
|d Remote Storage
|t 0
|e HG3823 .C36 1987
|h Library of Congress classification
|i unmediated -- volume
|m A14811469028
|
| 998 |
f |
f |
|a HG3823 .C36 1987
|t 0
|l Remote Storage
|